Centroamérica después de la crisis /

Պահպանված է:
Մատենագիտական մանրամասներ
Հիմնական հեղինակ: Botella, Joan
Այլ հեղինակներ: Sanahuja, Josep M.
Ձևաչափ: Անհայտ
Հրապարակվել է: Bercelona: Institut de Ciencies Politiques i Sociais
Խորագրեր:
Ցուցիչներ: Ավելացրեք ցուցիչ
Չկան պիտակներ, Եղեք առաջինը, ով նշում է այս գրառումը!

MARC

LEADER 00000 a2200000 04500
001 11130
003
008 991231s d
040 |a CRAI/IIS  |c CRAI/IIS 
090 |a 138501  
100 |a Botella, Joan  
245 |a Centroamérica después de la crisis /  |c Joan Botella 
260 |a Bercelona:   |b Institut de Ciencies Politiques i Sociais  
300 |a 197 p  
650 |a DEMOCRACIA  
650 |a CRISIS  
650 |a ESTUDIO DE CASOS  
650 |a CULTURA  
650 |a POLITICA  
650 |a ESTABILIDAD POLITICA  
650 |a PAZ  
650 |a ONU  
650 |a AMERICA CENTRAL  
650 |a ASPECTOS SOCIALES  
700 |a   
700 |a Sanahuja, Josep M.  
700 |a   
999 |c 1755  |d 1755